Statistics for All NCAA Schools in New York State

Click here to take the quiz!

General Stats

  • This quiz has been taken 89 times
    (83 since last reset)
  • The average score is 40 of 98

Answer Stats

DivisionConferenceCityNicknameAnswer% Correct
IAtlantic CoastSyracuseOrangeSyracuse University
98%
IMid-AmericanBuffaloBullsUniversity at Buffalo
93%
IAmerica EastStony BrookSeawolvesStony Brook University
90%
IAmerica EastAlbanyGreat DanesUniversity at Albany
86%
IAmerica EastBinghamtonBearcatsBinghamton University
83%
IIvy LeagueIthacaBig RedCornell University
81%
IIvy LeagueNew YorkLionsColumbia University
79%
IPatriot LeagueWest PointBlack KnightsUS Military Academy (Army)
79%
IAtlantic 10St. BonaventureBonniesSt. Bonaventure University
76%
IIIUAANew YorkVioletsNew York University (NYU)
74%
IIILiberty LeagueRochesterYellowjacketsUniversity of Rochester
74%
IIISUNY AthleticGeneseoKnightsSUNY Geneseo
71%
IIILiberty LeagueIthacaBombersIthaca College
69%
IMAACRiverdaleJaspersManhattan College
69%
IBig EastQueensRed StormSt. John's University
69%
IIISUNY AthleticOswegoLakersSUNY Oswego
69%
IIIEmpire 8UticaPioneersUitca College
69%
IColonialHempsteadPrideHofstra University
67%
IIISUNY AthleticOneontaRed DragonsSUNY Oneonta
67%
IIISUNY AthleticPlattsburghCardinalsSUNY Plattsburgh
67%
IIISUNY AthleticPotsdamBearsSUNY Potsdam
67%
IIISUNY AthleticBrockportGolden EaglesSUNY Brockport
64%
IIISUNY AthleticCortlandRed DragonsSUNY Cortland
64%
INortheastBrooklynSharksLong Island University
62%
IMAACLewistonPurple EaglesNiagara University
62%
IIISUNY AthleticFredoniaBlue DevilsSUNY Fredonia
62%
IIISUNY AthleticMorrisvilleMustangsSUNY Morrisville
62%
IIISUNY AthleticNew PaltzHawksSUNY New Paltz
62%
IIISkylinePurchasePanthersSUNY Purchase
62%
IMAACNew RochelleGaelsIona College
60%
IMAACPoughkeepsieRed FoxesMarist College
60%
IIEast CoastQueensKnightsQueens College
57%
IMAACLoudonvilleSaintsSienna College
57%
IIIEmpire 8AlfredSaxonsAlfred University
55%
IIICUNY AthleticBrooklynBulldogsBrooklyn College
55%
IAtlantic 10BronxRamsFordham University
55%
IIINESCACClintonContinentalsHamilton College
55%
IMAACBuffaloGolden GriffinsCanisius College
52%
IIISkylineFarmingdaleRamsFarmingdale State College
52%
IIINorth AtlanticCantonKangaroosSUNY Canton
50%
IIINorth AtlanticCobleskillFighting TigersSUNY Cobleskill
50%
IIIEmpire 8ElmiraSoaring EaglesElmira College
48%
IIILiberty LeagueRochesterTigersRochester Institute of Technology
45%
IIIUnited EastCazevoniaWildcatsCazevonia College
40%
IPatriot LeagueHamiltonRaidersColgate University
40%
IIEast CoastStaten IslandDolphinsCollege of Staten Island
40%
IIILiberty LeagueTroyEngineersRensselaer Polytechnic Institute
40%
IIIEmpire 8HoughtonHighlandersHoughton College
38%
INortheastStaten IslandSeahawksWagner College
38%
IIICUNY AthleticNew YorkBeaversCity College of New York (CCNY)
36%
IIILiberty LeaguePoughkeepsieBrewersVassar College
36%
IIIEmpire 8Keuka ParkWolvesKeuka College
33%
IINortheast-10PleasantvilleSettersPace University
33%
INortheastBrooklyn HeightsTerriersSt. Francis College Brooklyn
33%
IIISkylineBrooklynBearsSt. Joseph's College Brooklyn
33%
IIISkylinePatchogueGolden EaglesSt. Joseph's College Long Island
33%
IIISkylineOld WestburyPanthersSUNY Old Westbury
33%
IINortheast-10Garden CityPanthersAdelphi University
31%
IIILiberty LeagueAnnandale-on-HudsonRaptorsBard College
31%
IIISUNY AthleticBuffaloBengalsSUNY Buffalo State College
31%
IIISkylineThroggs NeckPrivateersSUNY Maritime
29%
IIISkylinePurchaseValiantsManhattanville College
26%
IIILiberty LeagueCantonSaintsSt. Lawrence University
26%
IIIEmpire 8OneontaHawksHartwick College
24%
IIISkylineKings PointMarinersUS Merchant Marine Academy
24%
IIISkylineNew YorkMaccabeesYeshiva University
24%
IIILiberty LeaguePotsdamGolden KnightsClarkson University
19%
IIILiberty LeagueGenevaStetesmen/HeronsHobart & William Smith Colleges
19%
IIICUNY AthleticNew YorkBloodhoundsJohn Jay College
19%
IIEast CoastRockville CentreLionsMolloy College
19%
IIISkylineNewburghKnightsMount St. Mary College
19%
IIISkylineBronxvilleGryphonsSarah Lawrence College
19%
IIILiberty LeagueSaratoga SpringsThoroughbredsSkidmore College
19%
IIILiberty LeagueSchenectadyDutchmenUnion College
19%
IIICUNY AthleticJamaicaCardinalsYork College
19%
IIIAMCCAlfredPioneersAlfred State College
17%
IIICUNY AthleticNew YorkBearcatsBaruch College
17%
IIICUNY AthleticNew YorkHawksHunter College
17%
IIICUNY AthleticBronxLightningLehman College
17%
IINortheast-10SyracuseDolphinsLe Moyne College
17%
IIIUnited EastAuroraExpressWells College
17%
IIISkylineBronxDolphinsCollege of Mount St. Vincent
14%
IIIEmpire 8RochesterGolden FlyersNazareth College
14%
IIEast CoastSparkillSpartansSt. Thomas Aquinas College
14%
IIEast CoastOakdaleGolden LionsDowling College
12%
IIICUNY AthleticBrooklynCougarsMedgar Evers College
12%
IINortheast-10AlbanyGolden KnightsThe College of St. Rose
12%
IIIAMCCBuffaloMavericksMedaille College
10%
IICACCNew YorkWarriorsNyack College
10%
IIIEmpire 8TroyGatorsRussell Sage College
10%
IIIEmpire 8RochesterCardinalsSt. John Fisher College
10%
IIIUnited EastUticaWildcatsSUNY Polytechnic Institute
10%
IIEast CoastAmherstWildcatsDaemen College
7%
IIEast CoastBuffaloSpartansD'Youville College
7%
IIEast CoastDobbs FerryMavericksMercy College
7%
IIEast CoastRochesterRedhawksRoberts Wesleyan College
7%
IICACCOrangeburgChargersDominican College
5%
IIIAMCCHamburgHawksHilbert College
5%

Score Distribution

Percentile by Number Answered

Percent of People with Each Score

Your Score History

You have not taken this quiz since the last reset